'B' Countries Quiz Stats

 Plays Quiz Updated Jun 20, 2018

Score 0/17 Timer 04:00
26 Plays Today
Country % Correct
Belgium
85.4%
Bolivia
83.3%
Brazil
81.1%
Botswana
76.7%
Belize
75.2%
Bahamas
74.9%
Bulgaria
72.5%
Bhutan
72%
Barbados
71.4%
Country % Correct
Bangladesh
70.3%
Belarus
70.3%
Bahrain
69.8%
Benin
66.5%
Burundi
65.3%
Brunei
64.3%
Bosnia and Herzegovina
63.2%
Burkina Faso
55%

You're not logged in!

Compare scores with friends on all Sporcle quizzes.
OR
Log In

Sporcle TV

Today on Sporcle TV


Watch our educational content, quiz creation guides, and fun videos on Sporcle TV.

Show Comments

Extras

Top Quizzes Today


Score Distribution

Your Account Isn't Verified!

In order to create a playlist on Sporcle, you need to verify the email address you used during registration. Go to your Sporcle Settings to finish the process.

Report this User

Report this user for behavior that violates our Community Guidelines.

Details: